000 00778nam a2200193Ii 4500
003 JO-AjNU
008 230605s9999||||xx |||||||||||||| ||und||
040 _aJO-AjNU
_bara
_erda
_cJO-AjNU
041 _aara
050 1 4 _aHF5549 .A43 1979
100 3 _aتاليف:نجم،احمد حافظ,
_eauthor
_917444
245 0 0 _aترتيب الوظائف العامة وتوصيفها وتقويمها:دراسة نظرية وتطبيقية مقارنة
264 3 1 _aالقاهرة:دار الفكر العربي؛1979
300 _a368ص
_bيحتوي على ببلوغرافية من ص366-368ص
336 _atext
_btxt
_2rdacontent
337 _aunmediated
_bn
_2rdamedia
338 _avolume
_bnc
_2rdacarrier
650 4 _aتحليل الوظائف-تقييم الوظائف
_917445
999 _aA5388
_c8956
_d8956